000 00438nam a2200169Ia 4500
008 220216s9999 xx 000 0 und d
100 _aJoseph T.[a]
245 0 _aPrimary processing of rubber wood in Kerala: Report of a sample survey
260 _bWood News
_c1996
300 _a39-43
650 _aKerala
650 _aPrimary processing
650 _aRubber wood
650 _aSawmilling
700 _aGeorge K.T.
942 _cBS
999 _c51902
_d51902